000 00600nam a2200217Ia 4500
008 101110s9999 xx 000 0 und d
041 _aENGLISH
082 _bSR29630
100 _aAjagaonkar, Parag, Patkar Anjali, Suchak Vijay
245 _aMarketing management BMS S.Y. 3rd semester
260 _c2004
_bSheth pub.pvt.ltd.,Mumbai
300 _a266
365 _b100
520 _aB.M.S.
546 _aENGLISH
630 _aMarketing management BMS S.Y. 3rd semester
650 _aB.M.S.
655 _aB.M.S.
730 _aMarketing management BMS S.Y. 3rd semester
942 _cBOOK
999 _c822138
_d822135